000 00948nas a2200301 4500
001 BR0600242
003 BR-BrBNA
005 20231205105804.0
007 ta
008 230509b bl.|||p| |||| 00| 00por d
040 _aBR-BrBNA
_bpor
_cBiblioteca Nacional de Agricultura
041 _a(Pt)
072 _aF60
100 1 _aJacobson, T.K.B.
100 1 _aGarcia, J.
100 1 _aSantos, S. da C.
100 1 _aDuarte, J.B.
100 1 _aFarias, J.G.
100 1 _aKliemann, H.J.
245 1 _aInfluência de fatores edáficos na produção de fenois totais e taninos de duas espécies de barbatimão (Stryphnodendron sp.)
650 _aBARBATIMÃO
650 _aPLANTA MEDICINAL
650 _aCOMPOSIÇÃO QUÍMICA
650 _aCERRADO
773 0 _tPesquisa Agropecuária Tropical (Brazil)
_xISSN 1517-6398
_g(Sep-Dec 2005), v. 35(3) p. 163-169
_wBR0600242
909 _a202311
_bLúcia
_c55
_dLúcia Elande
942 _2AGRIS
_n0
_cANA
999 _c184681
_d184681